000 00679nam a2200193Ii 4500
003 JO-AjNU
008 230605s9999||||xx |||||||||||||| ||und||
040 _aJO-AjNU
_bara
_erda
_cJO-AjNU
041 _aara
050 1 4 _aHF5415.2012
100 3 _aاعداد:فتحي ابراهيم محمد احمد,
_eauthor
_934467
245 0 0 _aأبعاد الثقافة التسويقية للمستثمر الصغير
264 3 1 _aالقاهرة:المنظمة العربية للتنمية الادارية؛2012
300 _a174ص
336 _atext
_btxt
_2rdacontent
337 _aunmediated
_bn
_2rdamedia
338 _avolume
_bnc
_2rdacarrier
650 4 _aالتسويق
_934468
999 _aA14136
_c17704
_d17704